00722nam a2200157Ia 4500008004100000020001800041050002300059082002200082100001600104245008500120260003500205300001100240500006300251650009200314700015800406121101s9999 xx 000 0 und d a970-17-0351-0 aTK5105.5 L418 2000 a006.32 L669i 2000 aLew, H. Kim aInterconectividad: manual para resolución de problemas / H. Kim Lew...[et.al.] aMéxico : Pearson Educación a714 p. aTraducción de: Internetworking troubleshooting handbook. a1. REDES DE COMPUTADORAS - MANUALES 2. INTERCONEXIÓN (TELECOMUNICACIONES) - MANUALES aI. McCoy, Spank, coaut. II. Stevenson, Tim, coaut. III. Wallace, Kathleen, coaut. IV. Downes, Kevin, coaut. V. Ruiz Faudón, Sergio Luis María, tr.Ì